000 00674nam a2200169Ia 4500
003 GCL
005 20240530101839.0
008 140319s9999 xx 000 0 ara d
040 _aGCL /
_cGCL
082 0 4 _a398
_bر م
100 1 _aرجب عبدالمجيد عفيفى
245 1 0 _aمن دليل العمل الميدانى لجامعى التراث الشعبى /
_cرجب عبدالمجيد عفيفى ، محمد الجوهرى
_nالجزء الخامس .
_pالدراسة العلمية للثقافة المادية الريفية
260 _a[S.N] :
_bدار المعرفة ،
_c1993
300 _a322 ص
700 1 _aمحمد الجوهرى
942 _2ddc
_cBK
999 _c28166
_d28166